Dary a daň z príjmov

Hľadanie možností zníženia základu dane z príjmov. Jednou z foriem legálneho zníženia základu dane môže byť hodnota darov, peňažných i nepeňažných poskytnutých zákonom o daniach z príjmov ustanoveným osobám a obciam. Dary a daň z príjmov fyzických osôb. Dary a daň z príjmov právnických osôb. Dary a...

Descrizione completa

Salvato in:
Dettagli Bibliografici
Autore principale: Jánoš, Daniel
Natura: Capitolo di libro
Lingua:slovacco
Soggetti:
Tags: Aggiungi Tag
Nessun Tag, puoi essere il primo ad aggiungerne!!

MARC

LEADER 00000naa a2200000 4500
001 r030680
005 20230919081050.1
041 0 |a slo 
044 |a SK 
245 1 0 |a Dary a daň z príjmov  |c Daniel Jánoš 
520 |a Hľadanie možností zníženia základu dane z príjmov. Jednou z foriem legálneho zníženia základu dane môže byť hodnota darov, peňažných i nepeňažných poskytnutých zákonom o daniach z príjmov ustanoveným osobám a obciam. Dary a daň z príjmov fyzických osôb. Dary a daň z príjmov právnických osôb. Dary a verejno-obchodná spoločnosť. Dary a komanditná spoločnosť. 
610 2 0 |a dary 
610 2 0 |a dane z príjmov 
610 2 0 |a osoby fyzické 
610 2 0 |a osoby právnické 
610 2 0 |a spoločnosti v.o.s. 
610 2 0 |a spoločnosti komanditné 
100 1 |a Jánoš, Daniel